El libro de los cantares

Zapisane w:
Opis bibliograficzny
1. autor: Heine, Enrique
Format: Książka
Język:Undetermined
Wydane: Buenos Aires, Argentina Glem 1943
Hasła przedmiotowe:
Etykiety: Dodaj etykietę
Nie ma etykietki, Dołącz pierwszą etykiete!

MARC

LEADER 00000nam a2200000Ia 4500
008 170316s9999 xx 000 0 und d
040 |a cru BVZT 
090 |a 830 H-6L 
100 |a Heine, Enrique 
245 |a El libro de los cantares 
260 |a Buenos Aires, Argentina 
260 |b Glem 
260 |c 1943 
300 |a 219 páginas 
650 |a LITERATURA ALEMANA 
999 |c 7355  |d 7355 
942 |c 15 D  |h 830 H-6L  |2 z